[Event "Saint Louis Open"]
[Site "?"]
[Date "2010.04.10"]
[Round "1"]
[White "Skidmore, Jennifer M"]
[Black "Nakamura, Hikaru"]
[Result "0-1"]
[WhiteElo "1954"]
[BlackElo "2817"]
[PlyCount "54"]
[EventDate "2010.??.??"]
[SourceDate "2010.04.10"]

1. e4 Nf6 2. Nc3 d5 3. e5 Nfd7 4. f4 e6 5. Nf3 c5 6. g3 Nc6 7. Bg2 Rb8 8. a4 a6
9. O-O b5 10. axb5 axb5 11. d4 b4 12. Ne2 Qb6 13. Qd3 Na5 14. c3 Ba6 15. Qc2
bxc3 16. bxc3 Nb3 17. Ra4 cxd4 18. Nfxd4 Bc4 19. Be3 Nxd4 20. Nxd4 Bxf1 21.
Bxf1 Bc5 22. f5 O-O 23. f6 Nxe5 24. fxg7 Rfc8 25. Qg2 Qb2 26. Qh3 Qxc3 27. Bf2
Bxd4 0-1

[Event "Saint Louis Open"]
[Site "?"]
[Date "2010.04.10"]
[Round "1"]
[White "Hess, Robert L"]
[Black "Garnier, Joe"]
[Result "1-0"]
[WhiteElo "2657"]
[BlackElo "1950"]
[PlyCount "37"]
[EventDate "2010.??.??"]
[SourceDate "2010.04.10"]

1. e4 c5 2. Nf3 d6 3. Bb5+ Bd7 4. a4 Nc6 5. O-O e5 6. c3 Be7 7. d4 a6 8. Bxc6
Bxc6 9. dxe5 dxe5 10. Qe2 Qc7 11. c4 Nf6 12. Nc3 O-O 13. a5 Nd7 14. Rd1 Rab8
15. Nd5 Bxd5 16. cxd5 f5 17. d6 Bxd6 18. Qc4+ Kh8 19. Ng5 1-0

[Event "Saint Louis Open"]
[Site "?"]
[Date "2010.04.10"]
[Round "1"]
[White "Criss, Nathaniel"]
[Black "Finegold, Benjamin"]
[Result "0-1"]
[WhiteElo "1940"]
[BlackElo "2621"]
[PlyCount "70"]
[EventDate "2010.??.??"]
[SourceDate "2010.04.10"]

1. d4 d5 2. c4 Nc6 3. Nf3 Bg4 4. Qa4 Bxf3 5. gxf3 e6 6. Nc3 Nge7 7. e3 g6 8.
Bg2 Bg7 9. f4 O-O 10. Bd2 a6 11. cxd5 exd5 12. O-O Qd6 13. a3 Nd8 14. Ne2 c6
15. Bb4 Qf6 16. Bxe7 Qxe7 17. b4 Ne6 18. Qb3 h6 19. Rac1 g5 20. f5 Nf4 21. Ng3
Nxg2 22. Kxg2 h5 23. f6 Qxf6 24. Nxh5 Qg6 25. Ng3 Rae8 26. Qd1 g4 27. Rh1 f5
28. Qd3 Qg5 29. h4 Qh6 30. Ne2 Re4 31. Nf4 Bxd4 32. Nxd5 cxd5 33. exd4 f4 34.
Rce1 f3+ 35. Kg1 g3 0-1

[Event "Saint Louis Open"]
[Site "?"]
[Date "2010.04.10"]
[Round "1"]
[White "Ramirez, Alejandro"]
[Black "Kovalic, Jeffrey"]
[Result "1-0"]
[WhiteElo "2605"]
[BlackElo "1936"]
[PlyCount "63"]
[EventDate "2010.??.??"]
[SourceDate "2010.04.10"]

1. d4 Nf6 2. c4 e6 3. g3 Bb4+ 4. Bd2 Be7 5. Nf3 d5 6. Bg2 O-O 7. O-O c6 8. Bf4
b6 9. Nc3 Ba6 10. cxd5 cxd5 11. Rc1 Nbd7 12. Qa4 Bb7 13. Nb5 Ne8 14. Nc7 Nxc7
15. Rxc7 Bc8 16. Qc6 e5 17. Nxe5 Nxe5 18. Bxe5 Be6 19. Rc1 Re8 20. e4 dxe4 21.
Qxe4 Bd6 22. Bxd6 Qxd6 23. d5 Bd7 24. Qf4 Qxf4 25. gxf4 Rac8 26. d6 Red8 27.
Bb7 Rb8 28. Bd5 Rbc8 29. Kg2 g6 30. Rxd7 Rxd7 31. Rxc8+ Kg7 32. Rc7 1-0

[Event "Saint Louis Open"]
[Site "?"]
[Date "2010.04.10"]
[Round "1"]
[White "Plagemann, Todd"]
[Black "Friedel, Joshua E"]
[Result "0-1"]
[WhiteElo "1932"]
[BlackElo "2596"]
[PlyCount "86"]
[EventDate "2010.??.??"]
[SourceDate "2010.04.10"]

1. e4 e5 2. Nf3 Nc6 3. d4 exd4 4. Bc4 Nf6 5. e5 d5 6. Bb5 Ne4 7. Nxd4 Bc5 8.
Be3 O-O 9. Nxc6 bxc6 10. Bxc5 Nxc5 11. Bxc6 Ba6 12. Nc3 d4 13. Bxa8 dxc3 14.
Qxd8 Rxd8 15. b4 Ne6 16. Bc6 Nd4 17. Ba4 f6 18. e6 Nxe6 19. Bb3 Kf7 20. Rd1 Re8
21. Rd7+ Kg6 22. Bxe6 Rxe6+ 23. Kd1 Be2+ 24. Kc1 Ra6 25. Rd5 Rxa2 26. Ra5 Rb2
27. Re1 Bc4 28. Rxa7 Ba2 29. Rxa2 Rxa2 30. Kd1 Ra1+ 31. Ke2 Rxe1+ 32. Kxe1 Kf5
33. Ke2 Ke4 34. h4 f5 35. g3 h5 36. b5 f4 37. f3+ Kf5 38. Kf2 fxg3+ 39. Kxg3 g6
40. Kg2 Kf4 41. Kf2 g5 42. hxg5 Kxg5 43. Kg3 h4+ 0-1

[Event "Saint Louis Open"]
[Site "?"]
[Date "2010.04.10"]
[Round "1"]
[White "Gurevich, Dmitry"]
[Black "Wood, Chris"]
[Result "1-0"]
[WhiteElo "2514"]
[BlackElo "1930"]
[PlyCount "91"]
[EventDate "2010.??.??"]
[SourceDate "2010.04.10"]

1. d4 d5 2. c4 c6 3. e3 Nf6 4. Nc3 e6 5. Nf3 Nbd7 6. Bd2 Bd6 7. Bd3 O-O 8. O-O
e5 9. cxd5 cxd5 10. Nb5 Bb8 11. dxe5 Nxe5 12. Nxe5 Bxe5 13. Bc3 Bb8 14. Bd4 Re8
15. Rc1 a6 16. Nc3 Ng4 17. g3 g6 18. Na4 Be6 19. Nc5 Ne5 20. Nxe6 fxe6 21. Be2
Nc6 22. Bc3 Be5 23. Qb3 Qd7 24. Rfd1 Qf7 25. Bxe5 Nxe5 26. f4 Nc6 27. Bf3 Red8
28. Kg2 Rd7 29. e4 d4 30. Rc5 Rad8 31. Rd3 Re8 32. Bg4 Rde7 33. e5 Rf8 34. Bf3
Rd8 35. Bxc6 bxc6 36. Rxc6 Rb7 37. Qxe6 Rxb2+ 38. Kh3 Rxa2 39. Qxf7+ Kxf7 40.
Rc4 Rb8 41. Rc7+ Ke6 42. Rxd4 Rbb2 43. Kg4 Rb6 44. Rxh7 a5 45. Rdd7 a4 46.
Rhe7# 1-0

[Event "Saint Louis Open"]
[Site "?"]
[Date "2010.04.10"]
[Round "1"]
[White "Bange, Steve"]
[Black "Krush, Irina"]
[Result "0-1"]
[WhiteElo "1928"]
[BlackElo "2500"]
[PlyCount "124"]
[EventDate "2010.??.??"]
[SourceDate "2010.04.10"]

1. b4 e6 2. Bb2 Nf6 3. a3 b6 4. Nf3 Bb7 5. e3 c5 6. bxc5 Bxc5 7. d4 Be7 8. c4
O-O 9. Be2 d6 10. Nbd2 Nc6 11. O-O Rc8 12. Rc1 Na5 13. Re1 Qd7 14. Bd3 Rc7 15.
Qe2 Rfc8 16. e4 Qd8 17. d5 e5 18. Nxe5 dxe5 19. Bxe5 Rd7 20. Bb2 Bc5 21. Rcd1
Ba6 22. e5 Nxd5 23. e6 fxe6 24. Qxe6+ Kh8 25. Qh6 Nf6 26. Bxf6 gxf6 27. Bf5 Rg7
28. Ne4 Qf8 29. Qh4 Be7 30. Bxc8 Bxc8 31. Ng3 Rg4 32. Qh5 Nxc4 33. h3 Rg8 34.
Qe2 Ne5 35. Qe4 Bxa3 36. Ra1 a5 37. Kh1 Bc5 38. Nf5 Bxf2 39. Rf1 Bc5 40. Rae1
Qe8 41. Nh4 Qe7 42. Nf5 Qc7 43. Qh4 Rg6 44. Nh6 Bb7 45. Re2 Qc6 46. Ng4 Nxg4
47. hxg4 Kg7 48. Rf5 a4 49. Rh5 h6 50. g5 fxg5 51. Qe1 Re6 52. Rh3 Qxg2+ 53.
Rxg2 Rxe1+ 54. Kh2 Bd6+ 55. Rhg3 Bxg3+ 56. Kxg3 Bxg2 57. Kxg2 a3 58. Kf2 Re5
59. Kf3 a2 60. Kg4 Ra5 61. Kf3 a1=Q 62. Ke4 Qe5+ 0-1

[Event "Saint Louis Open"]
[Site "?"]
[Date "2010.04.10"]
[Round "1"]
[White "Amanov, Mesgen"]
[Black "Finegold, Spencer"]
[Result "1-0"]
[WhiteElo "2469"]
[BlackElo "1926"]
[PlyCount "47"]
[EventDate "2010.??.??"]
[SourceDate "2010.04.10"]

1. d4 d6 2. g3 g6 3. Bg2 Bg7 4. Nf3 Nf6 5. O-O O-O 6. c4 Nc6 7. Nc3 a6 8. h3 e5
9. d5 Ne7 10. e4 Nd7 11. Be3 f5 12. Ng5 Nf6 13. Ne6 Bxe6 14. dxe6 Rb8 15. Qb3
Nh5 16. exf5 gxf5 17. Ba7 f4 18. Bxb8 f3 19. Bh1 Nf5 20. Nd5 Qg5 21. Qxf3 Nhxg3
22. Qg4 Ne2+ 23. Kh2 Qd2 24. e7 1-0

[Event "Saint Louis Open"]
[Site "?"]
[Date "2010.04.10"]
[Round "1"]
[White "Abrahamyan, Tatev"]
[Black "Prather, Chris"]
[Result "1/2-1/2"]
[WhiteElo "2369"]
[BlackElo "1898"]
[PlyCount "108"]
[EventDate "2010.??.??"]
[SourceDate "2010.04.10"]

1. e4 c5 2. Nf3 Nc6 3. d4 cxd4 4. Nxd4 Qb6 5. Nb3 Nf6 6. Nc3 e6 7. Be3 Qc7 8.
f4 d6 9. Bd3 Be7 10. O-O O-O 11. Qf3 a6 12. g4 Nd7 13. g5 b5 14. Qh5 g6 15. Qh4
f5 16. Rf3 Nb4 17. exf5 exf5 18. Nd4 Nc5 19. Bf1 Bb7 20. Rh3 Rf7 21. a3 Nd5 22.
Nxd5 Bxd5 23. Rd1 Qb7 24. Ne2 Ne4 25. Bd4 Bd8 26. Nc3 Nxc3 27. Rxc3 Be4 28. Qf2
Rc8 29. Rxc8 Qxc8 30. c3 Qc6 31. Ra1 a5 32. Rc1 d5 33. b3 Rb7 34. c4 bxc4 35.
bxc4 Rb1 36. Rxb1 Bxb1 37. c5 Be4 38. Qb2 Qc7 39. Qb5 Kf7 40. Be5 Qa7 41. Bb8
Qe7 42. c6 Qxa3 43. Ba7 Qb4 44. Qb7+ Qe7 45. Bc5 Qc7 46. Kf2 Kg8 47. Ke3 d4+
48. Bxd4 Bxc6 49. Bc4+ Kf8 50. Bc5+ Ke8 51. Qb2 Kd7 52. Qd4+ Kc8 53. Bd6 Qb6
54. Bc5 Qc7 1/2-1/2

[Event "Saint Louis Open"]
[Site "?"]
[Date "2010.04.10"]
[Round "1"]
[White "Hendrickson, Nolan"]
[Black "Brooks, Michael A"]
[Result "0-1"]
[WhiteElo "1907"]
[BlackElo "2442"]
[PlyCount "98"]
[EventDate "2010.??.??"]
[SourceDate "2010.04.10"]

1. e4 e5 2. Nf3 Nc6 3. Bb5 a6 4. Bxc6 dxc6 5. O-O Bd6 6. d4 exd4 7. Qxd4 f6 8.
e5 fxe5 9. Re1 Ne7 10. Nxe5 O-O 11. Bg5 Qe8 12. Nf3 Qf7 13. Nbd2 c5 14. Qc4 Nd5
15. a4 Be6 16. c3 h6 17. Bh4 Nf4 18. Qf1 Bd5 19. Re3 c4 20. Bg3 b5 21. Ne4 Bxe4
22. Rxe4 Nd3 23. Bxd6 cxd6 24. Qe2 Rae8 25. axb5 axb5 26. b4 Nf4 27. Qc2 Rxe4
28. Qxe4 Nh3+ 29. gxh3 Qxf3 30. Qe6+ Kh7 31. Qe3 Rf6 32. Re1 Rg6+ 33. Kf1 Qg2+
34. Ke2 Rf6 35. Rd1 Qg6 36. Kd2 d5 37. Kc1 Ra6 38. Kb2 Ra8 39. Rxd5 Qg1 40.
Qe4+ Kh8 41. Qb1 Qxf2+ 42. Kc1 Qg1+ 43. Rd1 Qe3+ 44. Kc2 Qe4+ 45. Kb2 Qg2+ 46.
Kc1 Qxh3 47. Kb2 Qxh2+ 48. Kc1 Qe2 49. Rd2 Qe1+ 0-1

[Event "Saint Louis Open"]
[Site "?"]
[Date "2010.04.10"]
[Round "1"]
[White "Juengel, Dan"]
[Black "Melekhina, Alisa"]
[Result "0-1"]
[WhiteElo "1893"]
[BlackElo "2320"]
[PlyCount "96"]
[EventDate "2010.??.??"]
[SourceDate "2010.04.10"]

1. d4 Nf6 2. c4 g6 3. g3 Bg7 4. Bg2 O-O 5. Nc3 d6 6. Nf3 Nbd7 7. O-O e5 8. e4
exd4 9. Nxd4 Re8 10. f3 a6 11. Be3 Rb8 12. Qd2 Ne5 13. b3 c5 14. Nde2 b5 15.
cxb5 axb5 16. Rfd1 b4 17. Nd5 Nxd5 18. Qxd5 Ba6 19. Nf4 Bb7 20. Qd2 f5 21. Rac1
fxe4 22. fxe4 Ng4 23. Nd5 Nxe3 24. Qxe3 Bxd5 25. Rxd5 Bd4 26. Rxd4 cxd4 27.
Qxd4 Qb6 28. Qxb6 Rxb6 29. Kf2 Re7 30. Kf3 Ra7 31. Rc2 Kg7 32. Bf1 Kf6 33. Bc4
Ke5 34. Ke3 Rc6 35. Rd2 Rc5 36. h3 Ra3 37. Kd3 Rca5 38. Bd5 Rxa2 39. Rxa2 Rxa2
40. Kc4 Rg2 41. Kxb4 Rxg3 42. Ka5 Rxh3 43. b4 Ra3+ 44. Kb6 h5 45. b5 h4 46. Kc7
h3 47. b6 h2 48. b7 Ra7 0-1

[Event "Saint Louis Open"]
[Site "?"]
[Date "2010.04.10"]
[Round "1"]
[White "Sinquefield, Rex"]
[Black "Rhee, William W"]
[Result "0-1"]
[WhiteElo "1647"]
[BlackElo "1995"]
[PlyCount "74"]
[EventDate "2010.??.??"]
[SourceDate "2010.04.10"]

1. e4 c5 2. Nc3 Nc6 3. f4 g6 4. Nf3 Bg7 5. Bb5 Nd4 6. O-O Nxb5 7. Nxb5 Nf6 8.
d3 O-O 9. Be3 Ng4 10. Bc1 Qa5 11. h3 Qxb5 12. a4 Qc6 13. hxg4 d5 14. exd5 Qxd5
15. c4 Qd7 16. Nh2 b6 17. Rb1 Bb7 18. b3 Rad8 19. Bb2 Qxd3 20. Qxd3 Rxd3 21.
Bxg7 Kxg7 22. Nf3 Rfd8 23. Kf2 e6 24. Ke2 Be4 25. Rfd1 Bxf3+ 26. gxf3 Rxd1 27.
Rxd1 Rxd1 28. Kxd1 Kf6 29. Kd2 e5 30. Ke3 exf4+ 31. Kxf4 g5+ 32. Ke4 Ke6 33. f4
h6 34. Kf3 f5 35. Kg3 gxf4+ 36. Kxf4 fxg4 37. Kxg4 Ke5 0-1

[Event "Saint Louis Open"]
[Site "?"]
[Date "2010.04.10"]
[Round "1"]
[White "Zenyuk, Iryna"]
[Black "Howlett, Al"]
[Result "1-0"]
[WhiteElo "2280"]
[BlackElo "1886"]
[PlyCount "41"]
[EventDate "2010.??.??"]
[SourceDate "2010.04.10"]

1. d4 Nf6 2. Nf3 e6 3. c4 b6 4. a3 Bb7 5. Nc3 Be7 6. d5 O-O 7. e4 exd5 8. cxd5
d6 9. Bd3 Nbd7 10. b4 a5 11. Bb2 c6 12. dxc6 Bxc6 13. O-O axb4 14. axb4 Ne5 15.
Nd4 Nxd3 16. Qxd3 Bb7 17. Rxa8 Bxa8 18. Nf5 d5 19. exd5 Bxb4 20. Qg3 g6 21. Ne4
1-0

[Event "Saint Louis Open"]
[Site "?"]
[Date "2010.04.10"]
[Round "1"]
[White "Dugovic, Daniel"]
[Black "Luther, Ronald G"]
[Result "1-0"]
[WhiteElo "1884"]
[BlackElo "2216"]
[PlyCount "107"]
[EventDate "2010.??.??"]
[SourceDate "2010.04.10"]

1. d4 g6 2. c4 Bg7 3. Nf3 d6 4. Nc3 a6 5. g3 c5 6. dxc5 Bxc3+ 7. bxc3 dxc5 8.
Qxd8+ Kxd8 9. Ng5 Ke8 10. Be3 Nd7 11. Ne4 b6 12. Bg2 Ra7 13. O-O h6 14. f4 Bb7
15. f5 g5 16. Rab1 Kd8 17. Rfd1 Kc7 18. h4 Ngf6 19. Nxf6 exf6 20. Rxd7+ Kxd7
21. Rxb6 Bxg2 22. Kxg2 Re8 23. Kf3 Re5 24. Rxf6 Ke8 25. hxg5 hxg5 26. Bxg5 Rae7
27. Rxa6 Rxf5+ 28. Kg4 Rxg5+ 29. Kxg5 Rxe2 30. Kf4 Rc2 31. Ke5 Rxc3 32. Kd6
Rd3+ 33. Kxc5 Rxg3 34. Rd6 Rg2 35. a3 Ke7 36. Rd3 f5 37. Kc6 f4 38. Rf3 Rg3 39.
Rxf4 Rxa3 40. Rd4 Ra6+ 41. Kb5 Ra1 42. c5 Rb1+ 43. Kc6 Rc1 44. Kb6 Rb1+ 45. Kc7
Rc1 46. c6 Rb1 47. Re4+ Kf7 48. Kd7 Rd1+ 49. Kc8 Rc1 50. c7 Rc2 51. Kd7 Rd2+
52. Kc6 Rc2+ 53. Kd6 Kf8 54. Re5 1-0

[Event "Saint Louis Open"]
[Site "?"]
[Date "2010.04.10"]
[Round "1"]
[White "Holliman, Bob"]
[Black "Tong, William"]
[Result "1/2-1/2"]
[WhiteElo "2202"]
[BlackElo "1877"]
[PlyCount "60"]
[EventDate "2010.??.??"]
[SourceDate "2010.04.10"]

1. d4 d5 2. Nf3 Nf6 3. c4 e6 4. g3 Be7 5. Bg2 O-O 6. O-O b6 7. Nc3 Bb7 8. cxd5
exd5 9. Bg5 Ne4 10. Bxe7 Qxe7 11. Qc2 Re8 12. e3 Nd7 13. Rac1 Ndf6 14. Ne5 c5
15. Rfe1 Rac8 16. Bh3 Rcd8 17. Qa4 a6 18. Nc6 Bxc6 19. Qxc6 Rd6 20. Qa4 b5 21.
Qc2 c4 22. b4 Nxc3 23. Qxc3 Ne4 24. Qb2 Rf6 25. Rf1 Rh6 26. Bg2 Qg5 27. Qe2 Rc6
28. Rc2 Qe7 29. Rb1 Rf6 30. Qe1 Qe6 1/2-1/2

[Event "Saint Louis Open"]
[Site "?"]
[Date "2010.04.10"]
[Round "1"]
[White "Noor, Taimoor"]
[Black "Benjamin, Richard"]
[Result "0-1"]
[WhiteElo "1876"]
[BlackElo "2200"]
[PlyCount "102"]
[EventDate "2010.??.??"]
[SourceDate "2010.04.10"]

1. e4 e5 2. Nf3 Nc6 3. Bb5 Bc5 4. O-O Nd4 5. Nxd4 Bxd4 6. c3 Bb6 7. d4 c6 8.
Ba4 d6 9. Bc2 Nf6 10. Bg5 h6 11. Bh4 O-O 12. a4 Re8 13. Re1 g5 14. Bg3 Bg4 15.
f3 Bd7 16. Bf2 a5 17. Nd2 Nh5 18. Nc4 Bc7 19. dxe5 dxe5 20. Nd6 Bxd6 21. Qxd6
Be6 22. Qxd8 Rexd8 23. Red1 Nf6 24. Rxd8+ Rxd8 25. Rd1 Rxd1+ 26. Bxd1 Nd7 27.
b4 b6 28. Be3 Kf8 29. Kf2 Ke7 30. Ke2 Bc4+ 31. Kd2 Kd6 32. h4 f6 33. hxg5 hxg5
34. g3 c5 35. b5 Bf7 36. f4 gxf4 37. gxf4 exf4 38. Bxf4+ Ne5 39. Bxe5+ Kxe5 40.
Ke3 Ba2 41. Bc2 c4 42. Bd1 Bb1 43. Be2 Bxe4 44. Bxc4 Bc2 45. Be2 Bxa4 46. c4 f5
47. c5 f4+ 48. Kf2 bxc5 49. b6 Bc6 50. Ba6 Kd6 51. b7 Kc7 0-1

[Event "Saint Louis Open"]
[Site "?"]
[Date "2010.04.10"]
[Round "1"]
[White "Cao, Kevin"]
[Black "Miles, Kyle"]
[Result "1-0"]
[WhiteElo "2166"]
[BlackElo "1874"]
[PlyCount "61"]
[EventDate "2010.??.??"]
[SourceDate "2010.04.10"]

1. e4 e6 2. d4 d5 3. exd5 exd5 4. Bd3 Bd6 5. Nf3 Ne7 6. O-O Nbc6 7. c3 Bg4 8.
Re1 Qd7 9. Nbd2 O-O-O 10. b4 Rdg8 11. Qa4 Kb8 12. b5 Nd8 13. Ba3 Bf5 14. Bc5
Nc8 15. Bxf5 Qxf5 16. Qb3 g5 17. Bxd6 cxd6 18. Nf1 g4 19. Ne3 Qh5 20. Nd2 Rg5
21. Ndf1 Ne7 22. a4 Ne6 23. Rad1 Nf4 24. c4 Neg6 25. Ng3 Nh3+ 26. gxh3 Qxh3 27.
Ng2 f5 28. b6 f4 29. bxa7+ Kxa7 30. Rb1 Rb8 31. Qb6+ 1-0

[Event "Saint Louis Open"]
[Site "?"]
[Date "2010.04.10"]
[Round "1"]
[White "Donofrio, Leo"]
[Black "Jung, Hans"]
[Result "0-1"]
[WhiteElo "1864"]
[BlackElo "2147"]
[PlyCount "52"]
[EventDate "2010.??.??"]
[SourceDate "2010.04.10"]

1. d4 d5 2. Nf3 Nc6 3. e3 a6 4. b3 Bg4 5. Be2 Nf6 6. Nbd2 e6 7. O-O Bb4 8. Bb2
Bxf3 9. Bxf3 Bxd2 10. Qxd2 g5 11. Rfe1 g4 12. Bd1 Ne4 13. Qe2 Rg8 14. c4 h5 15.
Bc2 Ng5 16. Kh1 Qe7 17. cxd5 exd5 18. Bf5 Ne4 19. f3 gxf3 20. Qxf3 Qh4 21. Bd7+
Kxd7 22. Qxf7+ Ne7 23. Ba3 c6 24. Bxe7 Qxe7 25. Qf5+ Kc7 26. Qxh5 Ng3+ 0-1

[Event "Saint Louis Open"]
[Site "?"]
[Date "2010.04.10"]
[Round "1"]
[White "Inskeep, Ben"]
[Black "Cheng, Tony"]
[Result "1-0"]
[WhiteElo "2147"]
[BlackElo "1853"]
[PlyCount "81"]
[EventDate "2010.??.??"]
[SourceDate "2010.04.10"]

1. d4 d5 2. c4 e6 3. Nf3 c6 4. Nc3 Nf6 5. e3 Bd6 6. Bd3 Nbd7 7. O-O O-O 8. e4
dxc4 9. Bxc4 e5 10. Bg5 exd4 11. Qxd4 Qe7 12. Rfe1 Ne5 13. Nxe5 Qxe5 14. Qxe5
Bxe5 15. Rad1 h6 16. Bh4 b5 17. Bb3 a6 18. Bg3 Bxc3 19. bxc3 c5 20. Bd6 c4 21.
Bxf8 cxb3 22. Be7 bxa2 23. Rd8+ Kh7 24. Bxf6 gxf6 25. Ra1 b4 26. cxb4 Rb8 27.
Rxa2 Rxb4 28. f3 Rc4 29. Kf2 Rc6 30. g4 Be6 31. Rb2 Kg7 32. Rbb8 f5 33. gxf5
Bc4 34. e5 f6 35. Rd7+ Bf7 36. e6 Rc2+ 37. Kg3 h5 38. exf7 Kh6 39. f8=Q+ Kg5
40. Rb6 Rc8 41. Qxf6# 1-0

[Event "Saint Louis Open"]
[Site "?"]
[Date "2010.04.10"]
[Round "1"]
[White "Gurevich, Daniel"]
[Black "Vergilesov, Alex"]
[Result "0-1"]
[WhiteElo "2136"]
[BlackElo "1846"]
[PlyCount "80"]
[EventDate "2010.??.??"]
[SourceDate "2010.04.10"]

1. e4 c5 2. Nf3 g6 3. Nc3 Nc6 4. Bb5 Bg7 5. d3 d6 6. O-O Nf6 7. Bg5 O-O 8. Bxc6
bxc6 9. Qd2 Bg4 10. Nh4 Qb6 11. Rab1 Qb4 12. Bh6 c4 13. h3 Bd7 14. d4 c5 15. e5
Nh5 16. g4 cxd4 17. Nd5 Qxd2 18. Bxd2 dxe5 19. Nxe7+ Kh8 20. gxh5 Bf6 21. hxg6
Bxe7 22. Bh6 fxg6 23. Bxf8 Rxf8 24. Ng2 Bxh3 25. Rfe1 Rf5 26. f4 Bf6 27. Kh2
Bg4 28. Kg3 h5 29. Re4 g5 30. fxg5 Rxg5 31. Kf2 Bf5 32. Re2 e4 33. Rg1 e3+ 34.
Ke1 Bg4 35. Nf4 Bxe2 36. Rxg5 Bxg5 37. Nxe2 d3 38. cxd3 cxd3 39. Ng1 Bh4+ 40.
Kd1 Bf2 0-1

[Event "Saint Louis Open"]
[Site "?"]
[Date "2010.04.10"]
[Round "1"]
[White "Mclaughlin, Jim"]
[Black "Davidson, Robert"]
[Result "0-1"]
[WhiteElo "2124"]
[BlackElo "1846"]
[PlyCount "134"]
[EventDate "2010.??.??"]
[SourceDate "2010.04.10"]

1. d4 Nf6 2. Nf3 e6 3. c4 c5 4. d5 exd5 5. cxd5 d6 6. Nc3 Be7 7. e4 Bg4 8. Be2
Nbd7 9. O-O O-O 10. Re1 a6 11. a4 Re8 12. Nd2 Bxe2 13. Rxe2 Nf8 14. f4 Ng6 15.
Nc4 Nd7 16. a5 b5 17. axb6 Nxb6 18. Na5 Bf6 19. Nc6 Qc7 20. g4 h6 21. Qd3 c4
22. Qf3 Nd7 23. Be3 Ne7 24. Nxe7+ Bxe7 25. Bd4 Nc5 26. Rf1 Nb3 27. Bf2 Bf6 28.
Kh1 Nd4 29. Bxd4 Bxd4 30. Rg2 Qe7 31. Re1 Rab8 32. g5 hxg5 33. fxg5 Rb3 34. Rf1
Reb8 35. Qh3 Bxc3 36. g6 fxg6 37. bxc3 Qxe4 38. Qe6+ Qxe6 39. dxe6 Re8 40. Ra2
Rxe6 41. Rxa6 Rxc3 42. Rd1 Rd3 43. Rc1 c3 44. Rc6 Ree3 45. Ra1 Rd2 46. Rc8+ Kh7
47. Rc1 Ree2 48. R8xc3 Rxh2+ 49. Kg1 d5 50. Rc7 d4 51. Rd7 Rhe2 52. Kf1 Re6 53.
Rc4 Rd1+ 54. Kf2 Re4 55. Kf3 Re3+ 56. Kf2 Rd2+ 57. Kf1 Rh3 58. Kg1 d3 59. Rcd4
g5 60. R4d5 Re3 61. Kf1 Kh6 62. R5d6+ g6 63. Rd8 Kh5 64. Rh8+ Kg4 65. Rxg6 Re5
66. Rd6 Kg3 67. Rf8 Rd1# 0-1

[Event "Saint Louis Open"]
[Site "?"]
[Date "2010.04.10"]
[Round "1"]
[White "Arun, Vikram"]
[Black "Voelker, Jim"]
[Result "1/2-1/2"]
[WhiteElo "1833"]
[BlackElo "2140"]
[PlyCount "63"]
[EventDate "2010.??.??"]
[SourceDate "2010.04.10"]

1. e4 e5 2. Nf3 Nc6 3. Bc4 Nf6 4. Nc3 Nxe4 5. Nxe4 d5 6. Bd3 dxe4 7. Bxe4 Bd6
8. O-O O-O 9. Re1 Re8 10. Bxc6 bxc6 11. d4 exd4 12. Rxe8+ Qxe8 13. Qxd4 c5 14.
Qe3 Bf5 15. c3 Qc6 16. Bd2 Re8 17. Qg5 Bg6 18. Re1 h6 19. Rxe8+ Qxe8 20. Qe3
Qa4 21. a3 Qb3 22. Bc1 Kh7 23. g3 Qd1+ 24. Kg2 Bh5 25. Qe4+ g6 26. Bf4 f5 27.
Qc6 Bxf4 28. gxf4 Qd6 29. Qe8 Bxf3+ 30. Kxf3 Qd1+ 31. Kg2 Qg4+ 32. Kf1 1/2-1/2

[Event "Saint Louis Open"]
[Site "?"]
[Date "2010.04.10"]
[Round "1"]
[White "Vibbert, Sean"]
[Black "Rodriguez, Cesareo"]
[Result "1-0"]
[WhiteElo "2110"]
[BlackElo "1808"]
[PlyCount "55"]
[EventDate "2010.??.??"]
[SourceDate "2010.04.10"]

1. e4 e6 2. d4 d5 3. Nc3 Bb4 4. Nge2 c5 5. a3 Bxc3+ 6. Nxc3 dxe4 7. dxc5 Qxd1+
8. Kxd1 f5 9. Nb5 Kd7 10. Bf4 Nc6 11. Ke1 e5 12. Rd1+ Ke7 13. Nc7 Rb8 14. Bg5+
Nf6 15. Bc4 Kf8 16. c3 h6 17. Bxf6 gxf6 18. Rd6 Kg7 19. g3 Rd8 20. Rxd8 Nxd8
21. Ke2 b5 22. Ba2 Rb7 23. Ne8+ Kg6 24. Rd1 Be6 25. c6 Bxa2 26. Rxd8 Bc4+ 27.
Ke1 Re7 28. c7 1-0

[Event "Saint Louis Open"]
[Site "?"]
[Date "2010.04.10"]
[Round "1"]
[White "Roush, John"]
[Black "Hall, Bill"]
[Result "0-1"]
[WhiteElo "1806"]
[BlackElo "2095"]
[PlyCount "120"]
[EventDate "2010.??.??"]
[SourceDate "2010.04.10"]

1. c4 Nf6 2. Nc3 g6 3. Nf3 Bg7 4. d4 O-O 5. e4 d6 6. h3 Nc6 7. Bd3 e5 8. d5 Ne7
9. g4 Nd7 10. Be3 c6 11. Qd2 cxd5 12. Nxd5 Nxd5 13. cxd5 Nc5 14. Bxc5 dxc5 15.
Rg1 a6 16. O-O-O b5 17. Rg3 c4 18. Bc2 Qd6 19. h4 Bd7 20. Rh1 Rfc8 21. Ng5 Bh6
22. Kb1 f6 23. Nf7 Bxd2 24. Nxd6 Rcb8 25. h5 Bf4 26. Rg2 Rb6 27. hxg6 Rxd6 28.
Rxh7 Be8 29. Rg1 Bxg6 30. Rb7 Be8 31. Rh1 Rd7 32. Rb6 Bg5 33. a4 Rh7 34. Rxh7
Kxh7 35. axb5 Bxb5 36. f4 exf4 37. e5+ Kh8 38. exf6 Rf8 39. Rb7 Rxf6 40. Rh7+
Kg8 41. Rh5 f3 42. Rxg5+ Kf7 43. Be4 f2 44. Bg2 f1=Q+ 45. Bxf1 Rxf1+ 46. Kc2
Rf3 47. Re5 Ba4+ 48. Kd2 Rd3+ 49. Ke1 Rd1+ 50. Ke2 Rb1 51. Kd2 Rxb2+ 52. Kc3
Rc2+ 53. Kb4 Bb5 54. g5 Rd2 55. Kc5 c3 56. Re1 c2 57. Rc1 Ba4 58. Ra1 Rd1 59.
Rxa4 c1=Q+ 60. Rc4 Qxg5 0-1

[Event "Saint Louis Open"]
[Site "?"]
[Date "2010.04.10"]
[Round "1"]
[White "Kasick, Jason"]
[Black "Schmidt, Brad"]
[Result "1/2-1/2"]
[WhiteElo "2092"]
[BlackElo "1802"]
[PlyCount "78"]
[EventDate "2010.??.??"]
[SourceDate "2010.04.10"]

1. d4 Nf6 2. Nf3 g6 3. c4 Bg7 4. Nc3 d5 5. cxd5 Nxd5 6. e4 Nxc3 7. bxc3 c5 8.
Be3 Qa5 9. Qd2 Nc6 10. Rb1 cxd4 11. cxd4 Qxd2+ 12. Kxd2 O-O 13. Bb5 Rd8 14.
Bxc6 bxc6 15. Rhc1 e5 16. Rxc6 exd4 17. Bf4 Be6 18. a4 Rac8 19. Rbc1 Rxc6 20.
Rxc6 Bb3 21. a5 Ba4 22. Rd6 Rxd6 23. Bxd6 a6 24. e5 f6 25. Kd3 Kf7 26. Kxd4 Ke6
27. exf6 Bxf6+ 28. Kc5 Bd8 29. Nd4+ Kd7 30. Kb4 Bd1 31. Bc5 Bf6 32. Nb3 Kc6 33.
Nd2 Bd8 34. Nc4 Bc7 35. h3 Be2 36. Bb6 Bd6+ 37. Nxd6 Kxd6 38. g3 Bf1 39. h4 Kd5
1/2-1/2

[Event "Saint Louis Open"]
[Site "?"]
[Date "2010.04.10"]
[Round "1"]
[White "Coryea, Dan"]
[Black "Fan, Yun"]
[Result "0-1"]
[WhiteElo "1800"]
[BlackElo "2079"]
[PlyCount "90"]
[EventDate "2010.??.??"]
[SourceDate "2010.04.10"]

1. d4 Nf6 2. Nf3 e6 3. e3 d5 4. Bd3 c5 5. b3 Nc6 6. O-O Be7 7. Nbd2 O-O 8. a3
Nd7 9. Bb2 Bf6 10. c4 cxd4 11. cxd5 exd5 12. Nxd4 Nxd4 13. Bxd4 Bxd4 14. exd4
Nf6 15. b4 Bg4 16. Qa4 Qd6 17. f3 Qf4 18. Rad1 Qxd4+ 19. Kh1 Bd7 20. Qb3 Qf4
21. Qb1 Rfe8 22. Nb3 b6 23. Nd4 Ba4 24. Bc2 Bxc2 25. Qxc2 Rac8 26. Qd2 Qxd2 27.
Rxd2 Re3 28. Nf5 Re5 29. Nd6 Rd8 30. Nb5 a6 31. Nc7 Re3 32. Nxa6 Rxa3 33. Nc7
Rb3 34. Ra1 Kf8 35. b5 Rd7 36. Rc2 d4 37. Kg1 d3 38. Rc6 d2 39. Rd1 Nh5 40. Kf2
Nf4 41. Rc2 Rbd3 42. Na8 R3d6 43. Rc8+ Ke7 44. Nc7 Nd3+ 45. Ke3 Nb2 0-1

[Event "Saint Louis Open"]
[Site "?"]
[Date "2010.04.10"]
[Round "1"]
[White "Steiner, Tim C"]
[Black "Giminez, Randy"]
[Result "0-1"]
[WhiteElo "2077"]
[BlackElo "1800"]
[PlyCount "40"]
[EventDate "2010.??.??"]
[SourceDate "2010.04.10"]

1. d4 d6 2. e4 g6 3. Nc3 Bg7 4. Be3 a6 5. Qd2 Nd7 6. Nf3 h6 7. O-O-O b5 8. e5
e6 9. d5 Nxe5 10. Nd4 Ne7 11. f4 Ng4 12. h3 Nxe3 13. Qxe3 e5 14. Nf3 Nf5 15.
Qe1 O-O 16. fxe5 dxe5 17. Nxe5 Re8 18. Nc6 Rxe1 19. Nxd8 Rxd1+ 20. Nxd1 Ng3 0-1